[Event "EYCC Open-U18 2019"]
[Site "Bratislava"]
[Date "2019.08.07"]
[Round "6.48"]
[White "Easwaralingam, Adesh"]
[Black "Johannsson, Birkir Isak"]
[Result "0-1"]
[WhiteElo "2113"]
[BlackElo "1988"]
[Annotator "NA"]
[PlyCount "106"]
[EventDate "2019.08.02"]
[EventType "swiss"]
[EventCountry "SVK"]
[SourceTitle "playchess.com"]
[Source "ChessBase"]
[SourceQuality "1"]
[TimeControl "40/5400+30:1800+30"]

1. e4 {[%emt 0:00:00]} c5 {[%emt 0:00:00]} 2. Nf3 {[%emt 0:00:00]} d6 {[%emt 0:00:00]} 3. d4 {[%emt 0:00:01]} cxd4 {[%emt 0:00:00]} 4. Nxd4 {[%emt 0:00:06]} Nf6 {[%emt 0:00:00]} 5. Nc3 {[%emt 0:00:11]} a6 {[%emt 0:00:01]} 6. Be3 {[%emt 0:00:31]} e6 {[%emt 0:02:15]} 7. Be2 {[%emt 0:00:17]} Be7 {[%emt 0:00:40]} 8. f4 {[%emt 0:00:21]} O-O {[%emt 0:00:10]} 9. g4 {[%emt 0:00:07]} d5 {[%emt 0:00:03]} 10. e5 {[%emt 0:00:14]} Ne4 {[%emt 0:00:55]} 11. Nxe4 {[%emt 0:00:53]} dxe4 {[%emt 0:00:03]} 12. g5 {[%emt 0:02:17]} b5 {[%emt 0:04:38]} 13. h4 {[%emt 0:05:37]} Qa5+ {[%emt 0:04:00]} 14. Kf2 {[%emt 0:04:56]} Bb7 {[%emt 0:04:16]} 15. Qg1 {[%emt 0:12:40]} Nc6 {[%emt 0:05:06]} 16. Nb3 {[%emt 0:00:56]} Qc7 {[%emt 0:03:44]} 17. Kg3 {[%emt 0:09:45]} Nb4 {[%emt 0:04:27]} 18. Bc5 {[%emt 0:06:35]} Rac8 {[%emt 0:15:36]} 19. Bxb4 {[%emt 0:01:50]} Bxb4 {[%emt 0:03:05]} 20. c3 {[%emt 0:00:59]} Be7 {[%emt 0:01:08]} 21. h5 {[%emt 0:03:52]} Rfd8 {[%emt 0:04:48]} 22. g6 {[%emt 0:04:48]} Bf8 {[%emt 0:01:44]} 23. Qe3 {[%emt 0:11:03]} Bd5 {[%emt 0:08:30]} 24. gxf7+ {[%emt 0:08:21]} Qxf7 {[%emt 0:00:51]} 25. Rad1 {[%emt 0:00:54]} Qe8 {[%emt 0:03:36]} 26. Nd4 {[%emt 0:08:30]} Bc5 {[%emt 0:02:47]} 27. Rd2 {[%emt 0:00:19]} Rd7 {[%emt 0:03:55]} 28. Rhd1 {[%emt 0:04:29]} Rcd8 {[%emt 0:00:36]} 29. Bg4 {[%emt 0:01:15]} Kh8 {[%emt 0:01:31]} 30. a3 {[%emt 0:05:12]} Bb6 {[%emt 0:00:53]} 31. Qe2 {[%emt 0:01:59]} Qe7 {[%emt 0:01:23]} 32. Qe1 {[%emt 0:02:37]} Qe8 {[%emt 0:01:39]} 33. Kh3 {[%emt 0:02:50]} Re7 {[%emt 0:02:25]} 34. Qg3 {[%emt 0:00:39]} Bc4 {[%emt 0:01:36]} 35. Kh2 {[%emt 0:00:38]} Bd3 {[%emt 0:01:18]} 36. Nb3 {[%emt 0:00:41]} Red7 {[%emt 0:02:40]} 37. Nc1 {[%emt 0:00:16]} Bc4 {[%emt 0:00:41]} 38. Qe1 {[%emt 0:01:37]} e3 {[%emt 0:00:35]} 39. Rxd7 {[%emt 0:00:09]} Rxd7 {[%emt 0:00:08]} 40. Bf3 {[%emt 0:00:00]} Qd8 {[%emt 0:00:00]} 41. Rxd7 {[%emt 0:02:31]} Qxd7 {[%emt 0:03:01]} 42. Bd1 {[%emt 0:04:58]} Qc6 {[%emt 0:08:56]} 43. b3 {[%emt 0:13:18]} Bd5 {[%emt 0:00:53]} 44. Be2 {[%emt 0:03:38]} Be4 {[%emt 0:04:36]} 45. c4 {[%emt 0:02:59]} h6 {[%emt 0:01:34]} 46. Qc3 {[%emt 0:01:01]} Bh1 {[%emt 0:06:18]} 47. Bf1 {[%emt 0:01:20]} Bf3 {[%emt 0:13:26]} 48. Be2 {[%emt 0:01:54]} Qe4 {[%emt 0:04:15]} 49. Kg3 {[%emt 0:00:53]} Bh1 {[%emt 0:00:31]} 50. Qd3 {[%emt 0:01:14]} Qg2+ {[%emt 0:02:49]} 51. Kh4 {[%emt 0:00:04]} Qh2+ {[%emt 0:00:10]} 52. Kg4 {[%emt 0:00:07]} Bg2 {[%emt 0:01:05]} 53. f5 {[%emt 0:01:22]} Bh3+ {[%emt 0:00:45]} 0-1

[Event "EYCC Open-U18 2019"]
[Site "Bratislava"]
[Date "2019.08.08"]
[Round "7.1"]
[White "Zarubitski, Viachaslau"]
[Black "Kaasen, Tor Fredrik"]
[Result "1/2-1/2"]
[WhiteElo "2424"]
[BlackElo "2376"]
[Annotator "NA"]
[PlyCount "82"]
[EventDate "2019.08.02"]
[EventType "swiss"]
[EventCountry "SVK"]
[SourceTitle "playchess.com"]
[Source "ChessBase"]
[SourceQuality "1"]
[TimeControl "40/5400+30:1800+30"]

1. e4 {[%emt 0:00:00]} c5 {[%emt 0:00:02]} 2. Nf3 {[%emt 0:00:00]} d6 {[%emt 0:00:20]} 3. Bb5+ {[%emt 0:00:28]} Nd7 {[%emt 0:01:39]} 4. d4 {[%emt 0:00:09]} cxd4 {[%emt 0:00:13]} 5. Qxd4 {[%emt 0:00:06]} a6 {[%emt 0:00:14]} 6. Bxd7+ {[%emt 0:00:10]} Bxd7 {[%emt 0:00:07]} 7. Nc3 {[%emt 0:00:11]} e5 {[%emt 0:01:33]} 8. Qd3 {[%emt 0:00:20]} Rc8 {[%emt 0:00:12]} 9. O-O {[%emt 0:00:11]} h6 {[%emt 0:00:26]} 10. Rd1 {[%emt 0:01:50]} Nf6 {[%emt 0:00:51]} 11. Nd2 {[%emt 0:00:18]} Bg4 {[%emt 0:00:15]} 12. f3 {[%emt 0:02:09]} Be6 {[%emt 0:00:30]} 13. Nf1 {[%emt 0:00:57]} Be7 {[%emt 0:00:26]} 14. Ne3 {[%emt 0:00:26]} O-O {[%emt 0:00:47]} 15. a4 {[%emt 0:01:09]} Qc7 {[%emt 0:02:57]} 16. Bd2 {[%emt 0:00:52]} Rfd8 {[%emt 0:01:30]} 17. Be1 {[%emt 0:12:41]} d5 {[%emt 0:12:08]} 18. Nexd5 {[%emt 0:14:38]} Bxd5 {[%emt 0:00:12]} 19. exd5 {[%emt 0:01:07]} Bb4 {[%emt 0:00:16]} 20. Rac1 {[%emt 0:31:56]} Qb6+ {[%emt 0:05:54]} 21. Bf2 {[%emt 0:06:23]} Qa5 {[%emt 0:04:35]} 22. Be1 {[%emt 0:07:21]} Bxc3 {[%emt 0:04:44]} 23. Bxc3 {[%emt 0:01:10]} Qb6+ {[%emt 0:00:13]} 24. Kh1 {[%emt 0:00:07]} Nxd5 {[%emt 0:00:23]} 25. a5 {[%emt 0:04:30]} Qc7 {[%emt 0:00:33]} 26. h3 {[%emt 0:06:17]} Nxc3 {[%emt 0:05:55]} 27. Qxc3 {[%emt 0:00:01]} Rxd1+ {[%emt 0:00:53]} 28. Rxd1 {[%emt 0:00:01]} Qxc3 {[%emt 0:00:12]} 29. bxc3 {[%emt 0:00:00]} Rxc3 {[%emt 0:00:11]} 30. Rd8+ {[%emt 0:00:05]} Kh7 {[%emt 0:00:12]} 31. Rd7 {[%emt 0:00:01]} f6 {[%emt 0:00:24]} 32. Rxb7 {[%emt 0:00:10]} Rc5 {[%emt 0:00:08]} 33. Ra7 {[%emt 0:00:22]} Rxa5 {[%emt 0:01:27]} 34. Kh2 {[%emt 0:00:07]} Kg6 {[%emt 0:01:11]} 35. Kg3 {[%emt 0:05:21]} f5 {[%emt 0:06:21]} 36. Kf2 {[%emt 0:01:22]} Ra2 {[%emt 0:03:24]} 37. Rc7 {[%emt 0:00:07]} Kf6 {[%emt 0:02:02]} 38. h4 {[%emt 0:00:48]} f4 {[%emt 0:06:58]} 39. g3 {[%emt 0:03:15]} fxg3+ {[%emt 0:04:41]} 40. Kxg3 {[%emt 0:00:00]} a5 {[%emt 0:00:00]} 41. Kg4 {[%emt 0:05:16]} g6 {[%emt 0:12:52]} 1/2-1/2

[Event "EYCC Open-U18 2019"]
[Site "Bratislava"]
[Date "2019.08.08"]
[Round "7.2"]
[White "Nguyen, Thai Dai Van"]
[Black "Vrolijk, Liam"]
[Result "1-0"]
[WhiteElo "2535"]
[BlackElo "2478"]
[Annotator "ChessBase"]
[PlyCount "67"]
[EventDate "2019.08.02"]
[EventType "swiss"]
[EventCountry "SVK"]
[SourceTitle "playchess.com"]
[Source "ChessBase"]
[SourceQuality "1"]
[TimeControl "40/5400+30:1800+30"]

1. d4 {[%emt 0:00:00]} Nf6 {[%emt 0:00:00]} 2. c4 {[%emt 0:00:00]} e6 {[%emt 0:00:09]} 3. Nf3 {[%emt 0:00:00]} d5 {[%emt 0:01:33]} 4. Nc3 {[%emt 0:00:00]} Bb4 {[%emt 0:02:35]} 5. cxd5 {[%emt 0:01:21]} exd5 {[%emt 0:00:07]} 6. Bg5 {[%emt 0:00:04]} h6 {[%emt 0:01:37]} 7. Bh4 {[%emt 0:00:03]} O-O {[%emt 0:02:16]} 8. e3 {[%emt 0:00:03]} c5 {[%emt 0:04:03]} 9. dxc5 {[%emt 0:26:49]} Nbd7 {[%emt 0:03:40]} 10. Be2 {[%emt 0:03:13]} g5 {[%emt 0:06:29]} 11. Bg3 {[%emt 0:00:08]} Ne4 {[%emt 0:00:18]} 12. Rc1 {[%emt 0:17:28]} Ndxc5 {[%emt 0:07:51]} 13. Be5 {[%emt 0:07:24]} Re8 {[%emt 0:13:15]} 14. a3 {[%emt 0:02:46]} Bxc3+ {[%emt 0:01:59]} 15. Bxc3 {[%emt 0:00:04]} Nxc3 {[%emt 0:00:17]} 16. Rxc3 {[%emt 0:03:56]} Ne4 {[%emt 0:01:32]} 17. Rb3 {[%emt 0:02:54]} Qa5+ {[%emt 0:03:31]} 18. Rb4 {[%emt 0:01:07]} Bd7 {[%emt 0:03:35]} 19. O-O {[%emt 0:00:53]} b6 {[%emt 0:02:10]} 20. Nd2 {[%emt 0:03:55]} Nxd2 {[%emt 0:02:55]} 21. Qxd2 {[%emt 0:00:40]} Rac8 {[%emt 0:01:28]} 22. h4 {[%emt 0:01:50]} gxh4 {[%emt 0:14:46]} 23. Rd1 {[%emt 0:05:17]} h3 {[%emt 0:06:46]} 24. Bg4 {[%emt 0:08:39]} Be6 {[%emt 0:02:21]} 25. gxh3 {[%emt 0:02:27]} Qc5 {[%emt 0:06:44]} 26. Bxe6 {[%emt 0:00:59]} Rxe6 {[%emt 0:00:46]} 27. Rg4+ {[%emt 0:00:54]} Kf8 {[%emt 0:00:22]} 28. b4 {[%emt 0:03:24]} Qc3 {[%emt 0:02:36]} 29. Qxd5 {[%emt 0:01:01]} Qxa3 {[%emt 0:01:27]} 30. Rf4 {[%emt 0:00:52]} Kg8 {[%emt 0:02:21]} 31. Kh2 {[%emt 0:00:57]} Qb2 {[%emt 0:03:04]} 32. Qd7 {[%emt 0:02:14]} Rf8 {[%emt 0:01:50]} 33. Rg1+ {[%emt 0:00:05]} Kh8 {[%emt 0:00:04]} 34. Rxf7 {[%emt 0:00:27]} 1-0

[Event "EYCC Open-U18 2019"]
[Site "Bratislava"]
[Date "2019.08.08"]
[Round "7.3"]
[White "Hakobyan, Aram"]
[Black "Murzin, Volodar"]
[Result "1/2-1/2"]
[WhiteElo "2568"]
[BlackElo "2429"]
[Annotator "ChessBase"]
[PlyCount "73"]
[EventDate "2019.08.02"]
[EventType "swiss"]
[EventCountry "SVK"]
[SourceTitle "playchess.com"]
[Source "ChessBase"]
[SourceQuality "1"]
[TimeControl "40/5400+30:1800+30"]

1. d4 {[%emt 0:00:00]} d5 {[%emt 0:00:00]} 2. c4 {[%emt 0:00:00]} c6 {[%emt 0:00:00]} 3. Nf3 {[%emt 0:00:00]} Nf6 {[%emt 0:00:00]} 4. Nc3 {[%emt 0:01:30]} a6 {[%emt 0:00:00]} 5. Qc2 {[%emt 0:00:33]} g6 {[%emt 0:02:57]} 6. Bg5 {[%emt 0:01:15]} Nbd7 {[%emt 0:09:02]} 7. e3 {[%emt 0:01:22]} Bg7 {[%emt 0:00:19]} 8. Rc1 {[%emt 0:02:20]} O-O {[%emt 0:01:52]} 9. cxd5 {[%emt 0:03:35]} cxd5 {[%emt 0:01:25]} 10. Be2 {[%emt 0:00:05]} b5 {[%emt 0:08:06]} 11. O-O {[%emt 0:06:31]} Nb6 {[%emt 0:04:45]} 12. Ne5 {[%emt 0:00:31]} Bf5 {[%emt 0:09:38]} 13. Bd3 {[%emt 0:04:54]} Bxd3 {[%emt 0:04:59]} 14. Nxd3 {[%emt 0:02:01]} e6 {[%emt 0:01:47]} 15. Nc5 {[%emt 0:02:27]} Qd6 {[%emt 0:03:09]} 16. a4 {[%emt 0:11:02]} b4 {[%emt 0:04:05]} 17. a5 {[%emt 0:11:35]} Nc4 {[%emt 0:07:05]} 18. N3e4 {[%emt 0:03:00]} Nxe4 {[%emt 0:01:08]} 19. Nxe4 {[%emt 0:00:03]} Qd7 {[%emt 0:04:35]} 20. Nf6+ {[%emt 0:07:00]} Bxf6 {[%emt 0:00:11]} 21. Bxf6 {[%emt 0:00:04]} Rfc8 {[%emt 0:01:19]} 22. Qe2 {[%emt 0:06:07]} Nxa5 {[%emt 0:06:14]} 23. Rxc8+ {[%emt 0:02:53]} Rxc8 {[%emt 0:05:41]} 24. Qxa6 {[%emt 0:01:13]} Nc4 {[%emt 0:00:16]} 25. h3 {[%emt 0:02:05]} Nd2 {[%emt 0:03:11]} 26. Ra1 {[%emt 0:01:08]} Ne4 {[%emt 0:00:13]} 27. Be5 {[%emt 0:01:50]} f6 {[%emt 0:00:51]} 28. Bg3 {[%emt 0:03:00]} Qc6 {[%emt 0:03:59]} 29. Qa7 {[%emt 0:00:58]} Nxg3 {[%emt 0:05:54]} 30. fxg3 {[%emt 0:00:02]} Qc7 {[%emt 0:00:13]} 31. Qa6 {[%emt 0:01:50]} Kf7 {[%emt 0:01:54]} 32. Ra5 {[%emt 0:08:25]} Qc6 {[%emt 0:00:52]} 33. Qa7+ {[%emt 0:00:36]} Qc7 {[%emt 0:00:28]} 34. Kh2 {[%emt 0:02:52]} h5 {[%emt 0:03:27]} 35. h4 {[%emt 0:06:33]} g5 {[%emt 0:03:36]} 36. hxg5 {[%emt 0:02:04]} fxg5 {[%emt 0:00:06]} 37. Qxc7+ {[%emt 0:04:49]} 1/2-1/2

[Event "EYCC Open-U18 2019"]
[Site "Bratislava"]
[Date "2019.08.08"]
[Round "7.4"]
[White "Bronstein, Or"]
[Black "Bjerre, Jonas Buhl"]
[Result "1-0"]
[WhiteElo "2378"]
[BlackElo "2503"]
[Annotator "ChessBase"]
[PlyCount "139"]
[EventDate "2019.08.02"]
[EventType "swiss"]
[EventCountry "SVK"]
[SourceTitle "playchess.com"]
[Source "ChessBase"]
[SourceQuality "1"]
[TimeControl "40/5400+30:1800+30"]

1. d4 {[%emt 0:00:00]} Nf6 {[%emt 0:00:00]} 2. c4 {[%emt 0:00:00]} e6 {[%emt 0:00:00]} 3. Nf3 {[%emt 0:00:21]} d5 {[%emt 0:00:00]} 4. g3 {[%emt 0:00:05]} dxc4 {[%emt 0:00:18]} 5. Bg2 {[%emt 0:00:08]} Bb4+ {[%emt 0:00:31]} 6. Bd2 {[%emt 0:00:08]} a5 {[%emt 0:00:23]} 7. Qc2 {[%emt 0:00:46]} Bxd2+ {[%emt 0:01:03]} 8. Qxd2 {[%emt 0:00:28]} c6 {[%emt 0:00:42]} 9. a4 {[%emt 0:00:11]} Ne4 {[%emt 0:00:45]} 10. Qf4 {[%emt 0:00:06]} Qb6 {[%emt 0:02:21]} 11. O-O {[%emt 0:01:00]} Qxb2 {[%emt 0:01:27]} 12. Ne5 {[%emt 0:01:24]} O-O {[%emt 0:01:33]} 13. Na3 {[%emt 0:00:05]} Nc3 {[%emt 0:01:15]} 14. Qe3 {[%emt 0:00:23]} Nxe2+ {[%emt 0:01:06]} 15. Kh1 {[%emt 0:00:01]} Nc3 {[%emt 0:01:26]} 16. Rfc1 {[%emt 0:05:58]} Nd5 {[%emt 0:01:17]} 17. Bxd5 {[%emt 0:00:15]} exd5 {[%emt 0:00:12]} 18. Rcb1 {[%emt 0:00:57]} Qb4 {[%emt 0:04:36]} 19. Rxb4 {[%emt 0:00:14]} axb4 {[%emt 0:00:06]} 20. Naxc4 {[%emt 0:00:18]} dxc4 {[%emt 0:00:12]} 21. Nxc4 {[%emt 0:00:02]} Be6 {[%emt 0:03:40]} 22. Nd6 {[%emt 0:07:24]} Nd7 {[%emt 0:18:27]} 23. h3 {[%emt 0:15:09]} Ra7 {[%emt 0:20:23]} 24. Kh2 {[%emt 0:09:18]} Rfa8 {[%emt 0:02:02]} 25. d5 {[%emt 0:01:16]} cxd5 {[%emt 0:08:18]} 26. Qb3 {[%emt 0:07:15]} Ra6 {[%emt 0:10:58]} 27. Qxb4 {[%emt 0:01:39]} Rb6 {[%emt 0:00:37]} 28. Qf4 {[%emt 0:06:47]} Nc5 {[%emt 0:04:27]} 29. Nb5 {[%emt 0:02:00]} Rc8 {[%emt 0:05:45]} 30. Rc1 {[%emt 0:09:30]} Rbc6 {[%emt 0:03:08]} 31. Qh4 {[%emt 0:05:09]} Ne4 {[%emt 0:03:36]} 32. Rxc6 {[%emt 0:00:23]} bxc6 {[%emt 0:00:03]} 33. Nd4 {[%emt 0:00:51]} Bd7 {[%emt 0:02:53]} 34. Qe7 {[%emt 0:00:11]} Nf6 {[%emt 0:00:11]} 35. Qc5 {[%emt 0:02:57]} Ne4 {[%emt 0:00:18]} 36. Qa7 {[%emt 0:00:01]} Nf6 {[%emt 0:00:32]} 37. Nb3 {[%emt 0:00:26]} Bf5 {[%emt 0:02:59]} 38. g4 {[%emt 0:01:48]} Bd3 {[%emt 0:00:47]} 39. Nc5 {[%emt 0:01:22]} Bc4 {[%emt 0:00:10]} 40. g5 {[%emt 0:00:00]} Ne4 {[%emt 0:00:00]} 41. Qd7 {[%emt 0:01:04]} Rf8 {[%emt 0:02:30]} 42. Nxe4 {[%emt 0:00:45]} dxe4 {[%emt 0:00:05]} 43. Qxc6 {[%emt 0:00:06]} Be6 {[%emt 0:01:17]} 44. a5 {[%emt 0:00:06]} Rd8 {[%emt 0:01:07]} 45. Qc7 {[%emt 0:05:01]} Ra8 {[%emt 0:03:18]} 46. a6 {[%emt 0:01:29]} Rf8 {[%emt 0:02:35]} 47. Qd6 {[%emt 0:00:48]} Bc8 {[%emt 0:00:45]} 48. Qc6 {[%emt 0:00:09]} Bxa6 {[%emt 0:00:53]} 49. Qxa6 {[%emt 0:00:01]} Re8 {[%emt 0:00:09]} 50. Qc6 {[%emt 0:00:06]} Kf8 {[%emt 0:00:06]} 51. Qd6+ {[%emt 0:00:51]} Kg8 {[%emt 0:00:19]} 52. Kg3 {[%emt 0:02:00]} g6 {[%emt 0:01:03]} 53. Kf4 {[%emt 0:00:29]} Re6 {[%emt 0:01:16]} 54. Qd8+ {[%emt 0:00:13]} Kg7 {[%emt 0:00:06]} 55. h4 {[%emt 0:00:09]} e3 {[%emt 0:01:54]} 56. fxe3 {[%emt 0:00:02]} Rc6 {[%emt 0:00:24]} 57. Qd4+ {[%emt 0:03:08]} Kg8 {[%emt 0:00:10]} 58. Qd5 {[%emt 0:00:08]} Ra6 {[%emt 0:01:00]} 59. Qb5 {[%emt 0:02:12]} Re6 {[%emt 0:00:28]} 60. Qd7 {[%emt 0:00:02]} Kf8 {[%emt 0:01:16]} 61. e4 {[%emt 0:03:10]} Re8 {[%emt 0:00:48]} 62. e5 {[%emt 0:00:08]} Re6 {[%emt 0:00:44]} 63. Ke4 {[%emt 0:00:45]} Kg7 {[%emt 0:00:40]} 64. Kd5 {[%emt 0:00:35]} Ra6 {[%emt 0:00:14]} 65. Qb5 {[%emt 0:00:16]} Re6 {[%emt 0:00:44]} 66. Qb7 {[%emt 0:00:21]} Kf8 {[%emt 0:00:35]} 67. Qc8+ {[%emt 0:01:21]} Re8 {[%emt 0:00:19]} 68. Qd7 {[%emt 0:00:02]} Ra8 {[%emt 0:01:41]} 69. e6 {[%emt 0:00:32]} fxe6+ {[%emt 0:00:26]} 70. Ke4 {[%emt 0:01:52]} 1-0

[Event "EYCC Open-U18 2019"]
[Site "Bratislava"]
[Date "2019.08.08"]
[Round "7.5"]
[White "Engel, Luis"]
[Black "Gorshtein, Ido"]
[Result "1/2-1/2"]
[WhiteElo "2509"]
[BlackElo "2367"]
[Annotator "ChessBase"]
[PlyCount "113"]
[EventDate "2019.08.02"]
[EventType "swiss"]
[EventCountry "SVK"]
[SourceTitle "playchess.com"]
[Source "ChessBase"]
[SourceQuality "1"]
[TimeControl "40/5400+30:1800+30"]

1. e4 {[%emt 0:00:00]} c6 {[%emt 0:00:00]} 2. d4 {[%emt 0:00:00]} d5 {[%emt 0:00:00]} 3. e5 {[%emt 0:00:00]} Bf5 {[%emt 0:00:00]} 4. Nf3 {[%emt 0:00:00]} e6 {[%emt 0:00:00]} 5. Be2 {[%emt 0:00:00]} Ne7 {[%emt 0:00:02]} 6. O-O {[%emt 0:00:00]} c5 {[%emt 0:00:07]} 7. dxc5 {[%emt 0:00:07]} Nec6 {[%emt 0:00:14]} 8. Be3 {[%emt 0:00:18]} Nd7 {[%emt 0:04:43]} 9. c4 {[%emt 0:00:17]} dxc4 {[%emt 0:02:20]} 10. Na3 {[%emt 0:00:08]} c3 {[%emt 0:13:27]} 11. Qb3 {[%emt 0:02:59]} Bxc5 {[%emt 0:15:17]} 12. Bxc5 {[%emt 0:02:18]} Nxc5 {[%emt 0:00:14]} 13. Qxc3 {[%emt 0:00:07]} Qe7 {[%emt 0:02:25]} 14. Rac1 {[%emt 0:04:45]} Nd7 {[%emt 0:06:10]} 15. Nc4 {[%emt 0:20:16]} O-O {[%emt 0:00:08]} 16. Qe3 {[%emt 0:02:33]} Rfd8 {[%emt 0:11:01]} 17. a3 {[%emt 0:03:20]} Nf8 {[%emt 0:03:44]} 18. Rfd1 {[%emt 0:04:58]} Rxd1+ {[%emt 0:08:59]} 19. Rxd1 {[%emt 0:00:17]} Rd8 {[%emt 0:02:56]} 20. Rd6 {[%emt 0:11:34]} Rc8 {[%emt 0:04:30]} 21. h3 {[%emt 0:05:07]} Nd7 {[%emt 0:05:30]} 22. Rd2 {[%emt 0:02:26]} Nb6 {[%emt 0:01:09]} 23. Nxb6 {[%emt 0:01:05]} axb6 {[%emt 0:00:02]} 24. Qxb6 {[%emt 0:00:22]} Be4 {[%emt 0:00:08]} 25. Qe3 {[%emt 0:01:56]} Bd5 {[%emt 0:00:07]} 26. Rc2 {[%emt 0:02:56]} Rd8 {[%emt 0:01:43]} 27. Rc1 {[%emt 0:02:33]} h6 {[%emt 0:01:14]} 28. b4 {[%emt 0:02:37]} Qd7 {[%emt 0:04:41]} 29. Ne1 {[%emt 0:03:40]} Ne7 {[%emt 0:02:29]} 30. Bf3 {[%emt 0:06:12]} Qa4 {[%emt 0:02:14]} 31. Bd1 {[%emt 0:02:40]} Qd7 {[%emt 0:00:25]} 32. Bc2 {[%emt 0:01:23]} Nf5 {[%emt 0:00:53]} 33. Bxf5 {[%emt 0:01:03]} exf5 {[%emt 0:00:02]} 34. Rd1 {[%emt 0:00:23]} Qe6 {[%emt 0:01:23]} 35. Nf3 {[%emt 0:01:37]} Re8 {[%emt 0:00:43]} 36. Nd4 {[%emt 0:01:22]} Qxe5 {[%emt 0:02:48]} 37. Nxf5 {[%emt 0:00:13]} Bc6 {[%emt 0:01:23]} 38. Qxe5 {[%emt 0:01:25]} Rxe5 {[%emt 0:00:02]} 39. Nd6 {[%emt 0:02:55]} f6 {[%emt 0:01:10]} 40. f3 {[%emt 0:00:00]} Kf8 {[%emt 0:00:00]} 41. Kf2 {[%emt 0:02:48]} Ke7 {[%emt 0:03:54]} 42. Nc4 {[%emt 0:02:13]} Rb5 {[%emt 0:04:22]} 43. g4 {[%emt 0:04:01]} Bd7 {[%emt 0:01:19]} 44. Rd4 {[%emt 0:03:27]} Be6 {[%emt 0:02:07]} 45. Na5 {[%emt 0:02:27]} Rb6 {[%emt 0:01:30]} 46. a4 {[%emt 0:01:01]} Ra6 {[%emt 0:00:37]} 47. Re4 {[%emt 0:01:57]} b6 {[%emt 0:02:16]} 48. Nc6+ {[%emt 0:02:37]} Kd6 {[%emt 0:00:06]} 49. Nd4 {[%emt 0:04:41]} Bd7 {[%emt 0:01:44]} 50. Nb5+ {[%emt 0:00:31]} Bxb5 {[%emt 0:00:10]} 51. axb5 {[%emt 0:00:04]} Ra2+ {[%emt 0:01:36]} 52. Kg3 {[%emt 0:00:15]} Rd2 {[%emt 0:06:33]} 53. Rc4 {[%emt 0:01:19]} Kd7 {[%emt 0:00:45]} 54. Kf4 {[%emt 0:04:52]} Rd5 {[%emt 0:00:16]} 55. Ke4 {[%emt 0:00:57]} Rxb5 {[%emt 0:01:43]} 56. f4 {[%emt 0:00:11]} g5 {[%emt 0:02:21]} 57. Rd4+ {[%emt 0:01:09]} 1/2-1/2

[Event "EYCC Open-U18 2019"]
[Site "Bratislava"]
[Date "2019.08.08"]
[Round "7.6"]
[White "Erenberg, Ariel"]
[Black "Gatineau, Yovann"]
[Result "1-0"]
[WhiteElo "2442"]
[BlackElo "2364"]
[Annotator "NA"]
[PlyCount "91"]
[EventDate "2019.08.02"]
[EventType "swiss"]
[EventCountry "SVK"]
[SourceTitle "playchess.com"]
[Source "ChessBase"]
[SourceQuality "1"]
[TimeControl "40/5400+30:1800+30"]

1. d4 {[%emt 0:00:00]} d5 {[%emt 0:00:00]} 2. c4 {[%emt 0:00:00]} e6 {[%emt 0:00:00]} 3. Nc3 {[%emt 0:00:00]} Bb4 {[%emt 0:00:00]} 4. a3 {[%emt 0:00:51]} Bxc3+ {[%emt 0:00:00]} 5. bxc3 {[%emt 0:00:02]} c6 {[%emt 0:00:29]} 6. a4 {[%emt 0:11:02]} Ne7 {[%emt 0:00:26]} 7. e3 {[%emt 0:01:27]} O-O {[%emt 0:01:39]} 8. Bd3 {[%emt 0:12:19]} b6 {[%emt 0:05:29]} 9. Nf3 {[%emt 0:07:41]} h6 {[%emt 0:09:19]} 10. Ba3 {[%emt 0:08:36]} Nd7 {[%emt 0:20:28]} 11. a5 {[%emt 0:15:46]} c5 {[%emt 0:06:47]} 12. cxd5 {[%emt 0:06:33]} Nxd5 {[%emt 0:05:58]} 13. c4 {[%emt 0:02:15]} N5f6 {[%emt 0:01:41]} 14. e4 {[%emt 0:01:49]} Bb7 {[%emt 0:05:53]} 15. e5 {[%emt 0:08:57]} Nh5 {[%emt 0:06:02]} 16. O-O {[%emt 0:00:13]} Nf4 {[%emt 0:02:36]} 17. Re1 {[%emt 0:01:19]} Bxf3 {[%emt 0:05:26]} 18. Qxf3 {[%emt 0:00:03]} Nxe5 {[%emt 0:00:06]} 19. dxe5 {[%emt 0:16:02]} Nxd3 {[%emt 0:00:18]} 20. Re3 {[%emt 0:01:50]} Nb4 {[%emt 0:00:17]} 21. Bxb4 {[%emt 0:00:26]} cxb4 {[%emt 0:00:07]} 22. Rd3 {[%emt 0:00:40]} Qc7 {[%emt 0:03:52]} 23. axb6 {[%emt 0:00:07]} Qxb6 {[%emt 0:00:05]} 24. Rd7 {[%emt 0:00:49]} a5 {[%emt 0:00:44]} 25. h3 {[%emt 0:00:40]} b3 {[%emt 0:01:29]} 26. Rb7 {[%emt 0:01:03]} Qd4 {[%emt 0:03:04]} 27. Rd1 {[%emt 0:00:13]} Qxc4 {[%emt 0:08:12]} 28. Rxb3 {[%emt 0:00:02]} a4 {[%emt 0:00:22]} 29. Ra3 {[%emt 0:00:33]} Rfd8 {[%emt 0:02:43]} 30. Rd7 {[%emt 0:01:39]} Rf8 {[%emt 0:08:02]} 31. Qe3 {[%emt 0:00:43]} Ra5 {[%emt 0:01:00]} 32. Rd4 {[%emt 0:01:29]} Qc2 {[%emt 0:01:10]} 33. Kh2 {[%emt 0:00:35]} Rfa8 {[%emt 0:00:45]} 34. Rg4 {[%emt 0:00:31]} Qf5 {[%emt 0:01:29]} 35. Re4 {[%emt 0:00:16]} Kh7 {[%emt 0:00:52]} 36. f4 {[%emt 0:00:36]} g5 {[%emt 0:00:37]} 37. fxg5 {[%emt 0:00:43]} hxg5 {[%emt 0:00:25]} 38. Qe2 {[%emt 0:00:18]} Rd5 {[%emt 0:00:35]} 39. Rf3 {[%emt 0:00:11]} Qg6 {[%emt 0:00:24]} 40. Rf6 {[%emt 0:00:00]} Qg7 {[%emt 0:00:00]} 41. h4 {[%emt 0:18:04]} Kg8 {[%emt 0:28:26]} 42. Rg4 {[%emt 0:01:20]} Kf8 {[%emt 0:00:15]} 43. Rxg5 {[%emt 0:00:12]} Qh7 {[%emt 0:00:15]} 44. Rh5 {[%emt 0:01:13]} Qg7 {[%emt 0:01:31]} 45. Qe4 {[%emt 0:01:46]} Ke8 {[%emt 0:02:22]} 46. Rh7 {[%emt 0:02:08]} 1-0